Borders of random countries - Statistics

General Stats
  • This quiz has been taken 29 times
  • The average score is 43 of 72
Answer Stats
Question Tile Select % Correct
Borders Of Poland Belarus Yes
91%
Borders Of Poland Czech Republic Yes
91%
Borders Of Poland Greece No
91%
Borders Of Poland Turkey No
91%
Borders Of Poland Germany Yes
87%
Borders Of Poland Lithuania Yes
83%
Borders of Turkey Russia No
83%
Borders of Turkey Armenia Yes
78%
Borders of Turkey Greece Yes
74%
Borders of South Africa Angola No
70%
Borders of Turkey Armenia Yes
70%
Borders of South Africa Lesotho Yes
70%
Borders of South Africa Malawi No
70%
Borders of Spain Andorra Yes
65%
Borders of South Africa Botswana Yes
65%
Guatemala Brazil No
65%
Guatemala Colombia No
65%
Borders of South Africa Eswatini Yes
65%
Borders of Spain France Yes
65%
Guatemala Honduras Yes
65%
Borders of Spain Italy No
65%
Borders of Spain Mexico No
65%
Borders of South Africa Namibia Yes
65%
Guatemala Peru No
65%
Borders of Malaysia Philippines No
65%
Borders of Spain Portugal Yes
65%
Borders Of Poland Russia Yes
65%
Borders of Turkey Syria Yes
65%
Borders of Spain Tunisia No
65%
Guatemala United Kingdom No
65%
Borders of Canada Australia No
61%
Borders of Malaysia China No
61%
Borders of Canada Fiji No
61%
Borders Of Poland Hungary No
61%
Borders of Malaysia Indonesia Yes
61%
Borders of Malaysia Laos No
61%
Borders of Spain Monaco No
61%
Borders of Canada Palau No
61%
Borders of Canada Papua New Guinea No
61%
Borders of Canada United States Yes
61%
Borders of Malaysia East Timor No
57%
Borders of Turkey Georgia Yes
57%
Borders of Belguim Guinea No
57%
Borders of Turkey Iran Yes
57%
Borders of Belguim Italy No
57%
Borders of Canada Mexico No
57%
Borders of South Africa Mozambique Yes
57%
Borders of Belguim Netherlands Yes
57%
Borders of Belguim Russia No
57%
Borders of Belguim United Kingdom No
57%
Borders of Malaysia Vietnam No
57%
Borders of South Africa Zambia No
57%
Guatemala Belize Yes
52%
Borders of Belguim Denmark No
52%
Guatemala El Salvador Yes
52%
Borders of Belguim France Yes
52%
Borders of Malaysia Thailand Yes
52%
Borders Of Poland Ukraine Yes
52%
Borders of Spain United Kingdom Yes
52%
Borders of Turkey Azerbaijan Yes
48%
Borders of Turkey Iraq Yes
48%
Borders of Belguim Luxembourg Yes
48%
Guatemala Mexico Yes
48%
Borders of Spain Morocco Yes
43%
Guatemala Nicaragua No
43%
Borders of Canada Russia No
39%
Borders of Malaysia Singapore Yes
39%
Borders of Belguim Germany Yes
35%
Borders of Malaysia Brunei Yes
30%
Borders of Canada Denmark Yes
26%
Borders of South Africa Zimbabwe No
13%
Borders of Canada France Yes
9%
No matching quizzes found
Score Distribution
Percent of People with Each Score
Percentile by Number Answered
Your Score History
You have not taken this quiz